LEADER 01614nam a2200361 a 4500 001 000000138273 003 CaOOAMICUS 005 20140430130302.0 008 140430s2011 it u000 u ita r 020 $a978-88-315-3718-6 040 $aPUL$bita 082 04$a252 100 1 $aLuther, Martin,$d1483-1546.$0(OLS)http://pul/name/1508 245 13$aIl Cristo predicato :$bsermoni domenicali e festivi, Antologia /$cMartin Lutero ; introduzione e note di Stefano Cavallotto ; traduzione di Franca Belski. 260 $aMilano :$bPaoline,$c2011. 300 $a313 p. ;$c20 cm 490 1 $aLetture cristiane del secondo millennio ;$v47 504 $aInclude bibliografia in nota e indici. 650 4$aSermoni$ySec. XVI.$0(OLS)http://pul/subject/40485 700 1 $aCavallotto, Stefano.$0(OLS)http://pul/name/62495 700 1 $aBelski, Franca.$0(OLS)http://pul/name/89126 830 0$aLetture cristiane del secondo millennio ;$v47.$0(OLS)http://pul/title/56023 850 $aPUL 852 $aPUL$W1$xSL Religione 3$y85$m252 LUTMA 1$j159471$qDDC 21$B159014$CPULBib$Z2$F159014 $H123883 $82 900 $aLuter, Martin,$d1483-1546$91508 900 $aMartin Lutero,$d1483-1546$91508 900 $aLutero, Martino,$d1483-1546$91508 941 1 $a9 996 $6020$a978-88-315-3718-6$9(OLS)http://pul/number/155123 996 $6082$a252$9(OLS)http://pul/classification/561 996 $6245$aIl Cristo predicato :$bsermoni domenicali e festivi, Antologia$9(OLS)http://pul/title/175031 996 $6260$aMilano :$bPaoline$9(OLS)http://pul/publisher/60808 LEADER 01599nam a2200349 u 4500 001 000000029719 003 CaOOAMICUS 005 20070226111940.0 008 970527s1995 it u000 u ita u 020 $a8825002246 035 $a10762587 040 $aPUL(R)$bita 110 2 $aAssociazione teologica Italiana.$bSeminario di studi$d(1994 :$cLecceto).$0(OLS)http://pul/name/24027 245 10$aCreazione e male del cosmo :$bscandalo per l'uomo e sfida per il credente /$ca cura di Gianni Colzani. 260 $aPadova :$bMessaggero,$cc1995. 300 $a195 p. ;$c21 cm 490 1 $aStudi religiosi 500 $a"Atti del seminario di studio. Eremo di Lecceto, 26-27 settembre 1994". 504 $aBibliografia in nota. 650 4$aCreazione.$0(OLS)http://pul/subject/1621 650 4$aMale.$0(OLS)http://pul/subject/5638 650 4$aCosmologia.$0(OLS)http://pul/subject/526 650 4$aTeologia.$0(OLS)http://pul/subject/118 700 1 $aColzani, Gianni,$csac.,$d1964-$0(OLS)http://pul/name/12634 710 2 $aStudio teologico fiorentino.$0(OLS)http://pul/name/24028 830 0$aStudi religiosi (Messaggero).$0(OLS)http://pul/title/18487 850 $aPUL 852 $aPUL$W1$xSL Religione 1$y3$m61 B 66$j41130$nBK-PRI$b $qStampati$B41130$CPULBib$Z2$F41130 $H $81 941 1 $a8 996 $6020$a8825002246$9(OLS)http://pul/number/37275 996 $6245$aCreazione e male del cosmo :$bscandalo per l'uomo e sfida per il credente$9(OLS)http://pul/title/40721 996 $6260$aPadova :$bMessaggero$9(OLS)http://pul/publisher/47870